[Event "GER-ch Net blitz qual2"]
[Site "Playchess.com INT"]
[Date "2021.05.04"]
[Round "11"]
[White "Fenske, Klaus Dieter"]
[Black "Bussemer, Karsten"]
[Result "1-0"]
[WhiteElo "1771"]
[BlackElo "1655"]
[PlyCount "67"]
[EventDate "2021.05.04"]
[EventType "swiss (blitz)"]
[EventRounds "11"]
[EventCountry "GER"]
[SourceTitle "CBM 202 Extra"]
[Source "ChessBase"]
[SourceDate "2021.07.31"]
[SourceVersion "1"]
[SourceVersionDate "2021.07.31"]
[SourceQuality "1"]

1. d4 d5 2. c4 c6 3. c5 b6 4. cxb6 axb6 5. a3 Nf6 6. Bf4 Bf5 7. Nc3 e6 8. h3 Bd6 9. Bg5 Nbd7 10. e3 Qc7 11. Nf3 h6 12. Bxf6 Nxf6 13. Bd3 Bxd3 14. Qxd3 0-0 15. 0-0 c5 16. dxc5 bxc5 17. Rac1 c4 18. Qe2 Qb6 19. Rfd1 Bc5 20. Ne5 Rfd8 21. Ng4 Nd7 22. Qf3 f5 23. Nh2 Ne5 24. Qh5 Nd3 25. Rc2 Nxb2 26. Rb1 Bxa3 27. Nf3 Qb3 28. Nd4 Qa2 29. Qg6 Qxb1+ 30. Nxb1 Nd3 31. Nxa3 Rxa3 32. Nxe6 Rd7 33. Qe8+ Kh7 34. Qxd7 1-0

[Event "GER-ch Net blitz qual2"]
[Site "Playchess.com INT"]
[Date "2021.05.04"]
[Round "10"]
[White "Fenske, Klaus Dieter"]
[Black "Schwierskott, Marc"]
[Result "0-1"]
[WhiteElo "1771"]
[BlackElo "2037"]
[PlyCount "60"]
[EventDate "2021.05.04"]
[EventType "swiss (blitz)"]
[EventRounds "11"]
[EventCountry "GER"]
[SourceTitle "CBM 202 Extra"]
[Source "ChessBase"]
[SourceDate "2021.07.31"]
[SourceVersion "1"]
[SourceVersionDate "2021.07.31"]
[SourceQuality "1"]

1. d4 c5 2. d5 Nf6 3. c4 b5 4. b3 bxc4 5. bxc4 g6 6. Bb2 Bg7 7. Qc2 0-0 8. e4 d6 9. h3 e6 10. Nf3 exd5 11. exd5 Re8+ 12. Be2 Bf5 13. Qd2 Ne4 14. Qc1 Qa5+ 15. Nbd2 Nxd2 16. Nxd2 Bd3 17. Bxg7 Rxe2+ 18. Kd1 Kxg7 19. Qb2+ Kg8 20. Re1 Rxe1+ 21. Kxe1 Nd7 22. Qb7 Re8+ 23. Kd1 Re2 24. Qb2 Ne5 25. Rc1 Rxf2 26. Rc3 Rxg2 27. Ra3 Rxd2+ 28. Qxd2 Qxa3 29. Qg5 Qa4+ 30. Ke1 Nf3+ 0-1

[Event "GER-ch Net blitz qual2"]
[Site "Playchess.com INT"]
[Date "2020.03.16"]
[Round "3"]
[White "Fenske, Klaus Dieter"]
[Black "Kull, Florian"]
[Result "1-0"]
[WhiteElo "1630"]
[BlackElo "2134"]
[PlyCount "81"]
[EventDate "2020.03.16"]
[EventType "swiss (blitz)"]
[EventRounds "9"]
[EventCountry "GER"]
[SourceTitle "CBM 195 Extra"]
[Source "ChessBase"]
[SourceDate "2020.05.31"]
[SourceVersion "1"]
[SourceVersionDate "2020.05.31"]
[SourceQuality "1"]

1. d4 Nf6 2. c4 e6 3. Nc3 Bb4 4. Bd2 0-0 5. a3 Be7 6. Bf4 d5 7. c5 b6 8. b4 a5 9. h3 axb4 10. axb4 Rxa1 11. Qxa1 bxc5 12. bxc5 Ba6 13. e3 Bxf1 14. Kxf1 Nc6 15. Nf3 Qc8 16. g4 Qb7 17. Kg2 Ra8 18. Qb1 Qa7 19. Qb5 Nd8 20. Rb1 c6 21. Qb6 Qxb6 22. Rxb6 h6 23. Ne5 g5 24. Bg3 Kf8 25. Nxc6 Nxc6 26. Rxc6 Ra3 27. Nb5 Ra2 28. Rc8+ Kg7 29. c6 Ne4 30. c7 Rc2 31. Re8 Bd6 32. Bxd6 Nxd6 33. Nxd6 Rxc7 34. Rc8 Ra7 35. Ne8+ Kg6 36. Rc7 Ra2 37. Nd6 f6 38. Re7 f5 39. Rxe6+ Kg7 40. Nxf5+ Kf7 41. Rxh6 1-0